000 00709nas a22001937a 4500
008 130520t????9999ag ||||| |||| 00| 0 spa d
245 _aMonografias Esenciales
260 _aBuenos Aires,
_bSociedad Iberoamericana de Informacion Cientifica:
_cs/f
300 _av. :
440 _aNueva propuesta terapeutica en la Incontinencia de Orina y Vejiga Hiperactiva
_92339
546 _aespaƱol
590 _aExistencias: 1 ejemplar (sin fecha)
650 _aINCONTINENCIA URINARIA-TRATAMIENTO
_92340
650 _aUROLOGIA
_92015
650 _aENFERMEDADES DE LA VEJIGA URINARIA-TRATAMIENTO
_92341
650 _aDARIFENACINA
_92146
856 _uhttp://www.siicsalud.com/lmr/siicdatabases.php
942 _2ddc
_cCR
999 _c1444
_d1444